000 00594nam a2200241 a 4500
001 nice12345678
003 IN_TiNIC
005 20260116013745.0
008 050524s1992 alba grp 000 0 eng
020 _a0791487
_c100
082 0 0 _a305.480297
_bZUH
100 _aZuhur, Sherifa
245 _aRevealing Reveiling
260 _aAlbany
_bState University of New York
_c1992
300 _a207p
500 _aincludes index and biblioraphy
505 2 _aIndex
650 _aWomen in Islam
700 1 _aZuhur, Sherifa
902 _bSRS
942 _cBK
999 _c12333
_d12333